000 00728nas a22002177a 4500
005 20140904155625.0
006 a|||||r|||| 00| 0
007 ta
008 140904b xxu||||| |||| 00| 0 eng d
022 _a0971-7196
022 _a0975-0703 (Electronic)
245 _aJournal of parasitic diseases :
_bthe official publication of the Indian Society for Parasitology
_cedited by V.P. Sharma
260 _aNew Delhi
_b Indian Society for Parasitology
_bSpringer India
_c2014-
300 _av.
_c26 cm (Pbk)
310 _aQuarterly
362 _aVol 38 No 1 Jan-Mar 2014
700 _aSharma, V.P. ed.
856 _uwww.springer.com/12639
856 _uhttp://www.parasitologyindia.org/journals.htm
942 _2ddc
_cSR
_s1
999 _c88310
_d88310